000
00257nam a22001217a 4500
008
180301b xxu||||| |||| 00| 0 eng d
041
_a
eng
080
_a
591
100
_a
7
101
_a
ZOO
245
_a
Manual of Botany
_c
Fernald, M.L
942
_2
udc
_c
BK
999
_c
43864
_d
43864